LEADER 01536nam a2200325 a 4500 001 000000140248 003 CaOOAMICUS 005 20240719171131.0 008 141103s2014 fr u000 u fre r 040 $aPUL$bita 041 1 $afre$agrc$hgrc 100 0 $aGregorius Nyssenus,$cs.,$dc. 335-c. 394.$0(OLS)http://pul/name/3044 245 10$aEloge de Grégoire le Thaumaturge ; Eloge de Basile /$cGrégoire de Nysse ; texte grec (GNO X, 1) : Günther Heil (Eloge de Grégoire), Otto Lendle (Eloge de Basile) ; introduction, traduction et notes Pierre Maraval. 246 33$aEloge de Basile 260 $aParis :$bCerf,$c2014. 300 $a322 p. ;$c20 cm 490 1 $aSources chrétiennes ;$v573 546 $aTesto greco e traduzione francese a fronte. 700 1 $aMaraval, Pierre,$d1936-$0(OLS)http://pul/name/3045 700 1 $aLendle, Otto.$0(OLS)http://pul/name/5103 700 1 $aHeil, Günter,$d1928-1990.$0(OLS)http://pul/name/5042 830 0$aSources chrétiennes ;$v573.$0(OLS)http://pul/title/45 850 $aPUL 852 $aPUL$W1$xSL Religione 2$y84$mTheol E3 573$j162075$qStampati Altre Collocazioni$B161539$CPULBib$Z2$F161539 $H124900 $82 900 $aGregorio di Nissa,$cs.,$dc. 335-c. 394$93044 941 1 $a10 996 $6245$aEloge de Grégoire le Thaumaturge ; Eloge de Basile$9(OLS)http://pul/title/177535 996 $6246$aEloge de Basile$9(OLS)http://pul/title/177536 996 $6260$aParis :$bCerf$9(OLS)http://pul/publisher/48238 LEADER 01399nam a2200265 u 4500 001 000000052810 003 CaOOAMICUS 005 20070226115506.0 008 001025s1971 it u000 u eng u 035 $a10859448 040 $aPUL(R)$bita 041 1 $aeng$hita 100 1 $aCodevilla, Giovanni.$0(OLS)http://pul/name/769 245 14$aThe Attitude of the Soviet State towards Religion :$ba report presented at the International Symposium on Religion and Atheism in Communist Societies, at Carleton University, Ottawa, between the 31st of March and the 4th of April, 1971 /$cGiovanni Codevilla. 260 $aMilano :$bRussia Cristiana,$c1971. 300 $a75 p. ;$c22 cm 500 $aContiene indici. 504 $aBibliografia in nota. 650 04$aChiesa cattolica$xpastorale$xgiovani.$0(OLS)http://pul/subject/2596 850 $aPUL 852 $aPUL$W1$xDP1 Fondo Ciprotti$y59$m1544 F 44$j69753$nBK-PRI$b $qFondi$B69753$CPULBib$Z2$F69753 $H $81 941 1 $a1 961 $aINV: F. Ciprotti 996 $6245$aThe Attitude of the Soviet State towards Religion :$ba report presented at the International Symposium on Religion and Atheism in Communist Societies, at Carleton University, Ottawa, between the 31st of March and the 4th of April, 1971$9(OLS)http://pul/title/70815 996 $6260$aMilano :$bRussia Cristiana$9(OLS)http://pul/publisher/68384